| 000 | 00683nab a2200157 4500 | ||
|---|---|---|---|
| 003 | ES-SlBCS | ||
| 005 | 20210327231242.0 | ||
| 008 | 160907s2015 bl ||||| |||| 00| 0 spa d | ||
| 040 |
_aES-SlBCS _bspa |
||
| 100 | 1 |
_aDomínguez García, Laura _9411203 |
|
| 245 | 1 | 3 |
_aEl desarrollo psicológico humano como proceso de continuidad y ruptura _b: la "situación social del desarrollo" _cLaura Domínguez García |
| 246 | 1 | 1 |
_aHuman psychological development as a process of continuity and discontinuity _b: the "social situation of development" |
| 650 | 0 | 0 |
_aPsicología _944875 |
| 773 | 0 |
_gVol. 29, Nº 57, 2015, págs. 21-42 _tEducaçao e Filosofia _wRev1534 _x0102-6801 |
|
| 942 |
_2lcc _cAR |
||
| 999 |
_c858466 _d858466 |
||